| 000 | 00891nam a22002897a 4500 | ||
|---|---|---|---|
| 003 | CHAP | ||
| 005 | 20220329134915.0 | ||
| 008 | 971013s1977 r 00010 d | ||
| 010 | _a27868 | ||
| 011 | _a28840 | ||
| 035 | _a32951 | ||
| 040 | _cCHAP | ||
| 082 |
_a624.151 _bM3 |
||
| 100 | 0 | 0 |
_aMcCarthy, David F. _973370 |
| 245 | _aEssentials of soil mechanics engineering | ||
| 260 |
_aReston, Va. : _bReston, _c1977 |
||
| 300 |
_a505 p. _b: ilus. ; gráfs |
||
| 590 |
_aBATCH-UPD _b10 _c20130110 _lUCH01 _h0142 |
||
| 590 |
_aBATCH-UPD _b10 _c20130110 _lUCH01 _h1704 |
||
| 590 |
_aBATCH-UPD _b10 _c20130410 _lUCH01 _h1051 |
||
| 590 |
_aBATCH-UPD _b10 _c20130914 _lUCH01 _h1805 |
||
| 590 |
_aCONVERSION _b10 _c20130109 _lUCH01 _h1316 |
||
| 650 | 1 | 4 |
_aMecánica de suelos. _973824 |
| 901 | _aBK | ||
| 942 | _cLIBRO | ||
| 949 |
_a624.151 M3 _bBC _cLIBRO _d33724000018420 _eLIBRO _h46669 _i32951 _si _t694.00 |
||
| 999 |
_c27868 _d27868 |
||